000 004930000a22001810004500
003 MACL
005 20160122171310.0
008 160122b xxu||||| |||| 00| 0 eng d
040 _aMACL
_cMACL
041 _aEnglish
082 _a641.5/SIN
100 _aSingh, Rohini
_98041
245 _aThe Foolproof Cookbook for Brides Bachelors & Those Who Hate Cooking
260 _bUBSPD Publications
_c1998
_aNew Delhi
350 _a250
650 _aFood & Drinks
_96521
942 _cBK
_k641/Sin
_2ddc
999 _c32439
_d32439